000 03819cam a2200445 a 4500
999 _c1891
_d1891
001 7791796
003 OSt
005 20210701110406.0
008 960325s1997 enka b 001 0 eng
010 _a 96016709
015 _aGB9719417
_2bnb
016 7 _a9604977
_2DNLM
020 _a0521553814
020 _a9780521553810
035 _a(OCoLC)34545696
_z(OCoLC)34559347
_z(OCoLC)36727741
_z(OCoLC)315938748
035 _aucoclc34545696
040 _aDNLM/DLC
_beng
_cDLC
_dNLM
_dUKM
_dBAKER
_dBTCTA
_dYDXCP
_dOCLCG
_dGEBAY
_dOCLCQ
_dBDX
_dOCLCF
_dOCLCQ
_dOCLCO
_dOCLCQ
_dCN5CF
_dTJC
_dOCLCQ
_dOCLCO
_dOCLCA
050 1 0 _aRC848
_b.F27 A28 1997
060 0 0 _a1997 E-738
060 1 0 _aWI 700
_bA1895 1997
082 0 0 _a616.3/62
_220
245 0 0 _aAcute liver failure /
_cedited by William M. Lee, Roger Williams ; foreword by Jean-Pierre Benhamou and Jacques Bernuau.
260 _aCambridge ;
_aNew York :
_bCambridge University Press,
_c1997.
300 _axix, 305 pages :
_billustrations (some color) ;
_c27 cm
336 _atext
_btxt
_2rdacontent
337 _aunmediated
_bn
_2rdamedia
338 _avolume
_bnc
_2rdacarrier
504 _aIncludes bibliographical references and index.
505 0 _a1. Classification and clinical syndromes of acute liver failure / Roger Williams -- 2. Viral hepatitis and acute liver failure / Dwain L. Thiele -- 3. Drug hepatoxicity as a cause of acute liver failure / Gloria Sze and Neil Kaplowitz -- 4. Acetaminophen-induced acute liver failure / Alistair J. Makin and Roger Williams -- 5. Unusual causes of acute liver failure / Mark D. Uhl and Caroline A. Riely -- 6. Pediatric aspects of acute liver failure / Ian D. D'Agata and William F. Balistreri -- 7. Role of cytokines and immune mechanisms in acute liver failure / Kevork M. Peltekian and Gary A. Levy -- 8. Pathology of acute liver failure / Bernard Portmann and Romil Saxena -- 9. Hepatocyte replication and liver regeneration / Nelson Fausto -- 10. Medical management of acute liver failure / William M. Lee -- 11. Circulatory derangements, monitoring, and management: heart, kidney, and brain / Julia A. Wendon and Antony J. Ellis -- 12. Brain edema and intracranial hypertension in acute liver failure / Andres T. Blei -- 13. Management of infection in acute liver failure / Nancy Rolando, John Philpott Howard and Roger Williams -- 14. Prognosis and consideration of transplantation / John Devlin and Roger Williams -- 15. Liver transplantation in patients with acute liver failure: the European experience / Didier Samuel and Henri Bismuth -- 16. Transplantation for acute liver failure: the American experience / Byers W. Shaw, Jr. -- 17. Auxiliary liver transplantation / Karim Boudjema, Marie-Pierre Chenard-Neu and Daniel Jaeck -- 18. Extracorporeal liver support: historical background and critical analysis / Evren Atillasoy and Paul D. Berk -- 19. Hepatocyte culture and bioreactor design for liver support systems / Jorg C. Gerlach -- 20. Clinical experience with an extracorporeal liver assist device / Antony J. Ellis, Norman L. Sussman and James H. Kelly et al -- 21. Treatment of acute liver failure by high volume plasmapheresis / Niels Tygstrup, Fin Stolze Larsen and Bent Adel Hansen -- 22. Dialysis/adsorption techniques for acute liver failure / Robin D. Hughes and James M. Courtney -- 23. Hepatocyte transplantation in liver failure and inherited metabolic disorders / Ira J. Fox, Namita Roy Chowdhury and Jayanta Roy Chowdhury.
650 0 _aLiver
_xFailure.
650 1 2 _aLiver Failure, Acute.
650 7 _aLiver
_xFailure.
_2fast
_0(OCoLC)fst01000661
650 7 _aLeberversagen
_2gnd
650 7 _aAufsatzsammlung
_2gnd
700 1 _aLee, William M.
700 1 _aWilliams, Roger,
_d1931-
910 _aUclaCollMgr MonosBKSZAS1980 20210520
910 _aMARS
942 _2lcc
_cBK
_nJE